| 000 | 01376nam a22002537a 4500 | ||
|---|---|---|---|
| 999 |
_c59914 _d59914 |
||
| 003 | Ge_BSU | ||
| 005 | 20230510120622.0 | ||
| 008 | 230510s1988 ge ||||| |||| 00| 0 geo d | ||
| 020 | _a55200018988 | ||
| 041 | _ageo | ||
| 080 | _a902.2(395.3) ფ-25 | ||
| 100 |
_aფანცხავა, ლ. (ლეილა) _918069 |
||
| 245 |
_aკოლხური კულტურის მხატვრული ხელოსნობის ძეგლები / _cლ. ფანცხავა; [რედ.: ალ. ჯავახიშვილი] ; საქ. სსრ მეცნ. აკად., საქ. სახელმწ. მუზეუმი. |
||
| 264 |
_aთბილისი : _bმეცნიერება, _c 1988. |
||
| 300 |
_a117 გვ. ; _b25 სმ. |
||
| 501 | _a საძიებელი: გვ. 109-113. | ||
| 504 | _aბიბლიოგრ. გვ. 103-108 (182 სხწ.). | ||
| 520 | _a რეზ. რუს. | ||
| 653 | _aსაქართველოს არქეოლოგიური ძეგლები | ||
| 653 | _aკოლხური კულტურა | ||
| 700 |
_aჯავახიშვილი, ალ. _eრედაქტორი _917849 |
||
| 710 |
_aსაქ. სსრ მეცნ. აკად., საქ. სახელმწ. მუზეუმი. _93520 |
||
| 942 |
_2udc _cBK |
||